50 największych miast nordyckich z pustą mapą - Statystyki

Ogólne statystyki
  • Ten quiz został rozwiązany 1 380 razy
  • Średni wynik to 16 z 50
Odpowiedzi na mapie
Odpowiedzi zakodowano w zielono-czerwonej skali na mapie do tego quizu, zgodnie z poniższymi procentami.
 
Statystyki odpowiedzi
Miasto Populacja % Poprawnych
Oslo 699 827
98%
Helsinki 658 457
97%
Sztokholm 978 770
97%
Kopenhaga 644 431
95%
Reykjavik 134 602
90%
Malmo 351 749
88%
Goteborg 587 549
76%
Bergen 286 930
72%
Trondheim 210 496
69%
Turku 195 137
57%
Aalborg 119 219
52%
Aarhus 282 910
52%
Odense 180 760
45%
Oulu 209 551
45%
Uppsala 237 596
44%
Tampere 244 223
42%
Lahti 120 027
41%
Stavanger 144 699
40%
Kuopio 121 543
33%
Espoo 297 132
27%
Jönköping 143 579
26%
Linköping 165 527
24%
Norrköping 144 458
24%
Helsingborg 150 109
23%
Kristiansand 113 737
23%
Örebro 156 987
22%
Drammen 102 273
19%
Umeå 130 997
18%
Jyvaskyla 144 473
16%
Vantaa 239 206
16%
Västerås 156 838
16%
Lund 127 376
14%
Växjö 95 995
14%
Gävle 103 136
12%
Karlstad 95 408
11%
Halmstad 104 573
10%
Kristianstad 86 641
10%
Sundsvall 99,383
10%
Borås 114 091
9%
Eskilstuna 107 593
8%
Södertälje 101 209
7%
Frederiksberg 104 899
6%
Bærum 128 982
5%
Lillestrøm 89 095
5%
Asker 96 088
4%
Huddinge 113 951
4%
Kungsbacka 85 301
4%
Nacka 108 234
4%
Botkyrka 95 318
3%
Haninge 95 658
3%
Nie znaleziono quizów pasujących do podanych kryteriów
Rozkład punktacji
Procent ludzi z każdym wynikiem
Percentyl według liczby udzielonych odpowiedzi
Twoja historia wyników
Nie rozwiązałeś tego quizu